000 00672nam a2200205Ii 4500
003 JO-AjNU
008 230606s9999||||xx |||||||||||||| ||und||
020 _a978-0-7923-7308-7
040 _aJO-AjNU
_beng
_erda
_cJO-AjNU
041 _aeng
050 1 4 _aTA646.P39 2001
100 3 _aPaz,Mario/Leigh, william,
_eauthor
_94927
245 0 0 _aIntegrated matrix analysis of structures :theory and computation
264 3 1 _aBoston :Kluwer academic pub,2001
300 _a314p
336 _atext
_btxt
_2rdacontent
337 _aunmediated
_bn
_2rdamedia
338 _avolume
_bnc
_2rdacarrier
650 4 _aIntegrated matrix analysis of structures -theory-computation
_94928
999 _aE2549
_c2547
_d2547